00552nam a22001817a 450000500170000000800410001702000180005804000210007604100080009708200150010510000260012024500880014625000120023426000340024630000100028065000550029070000250034520260313064112.0260313b |||||||| |||| 00| 0 eng d a9788199508347 aIN-DiNCcIN-DiNC dasm a323.4bGOH aGohain, Nabineauthor aTulanamulak prekshapatat manab adhikar (Major 14)/cby Nabin Gohain and Pankaj Bora a1st ed. aJorhat:bBidya bhawan,c2025. a408p. aHuman rights in comparative perspective (Major 14) aBora, Pankajeauthor